LEADER 01140nam a2200301 i 4500 001 991002660399707536 005 20020508203934.0 008 990322s1990 fr ||| | fre 020 $a2251004157 035 $ab11042308-39ule_inst 035 $aPARLA166755$9ExL 040 $aDip.to Scienze dell'Antichità$bita 041 0 $afregrc 100 1 $aDinarchus $0539034 245 10$aDiscours /$cDinarque ; texte établi et annoté par Michel Nouhaud ; et traduit par Laurence Dors-Méary 260 $aParis :$bLes Belles Lettres,$c1990 300 $aXXVII, 68 p. (2-55 doppie) ;$c20 cm 490 0 $aCollection des Universités de France. Série grecque 500 $aTesto greco con trad. francese a fronte. 650 4$aDinarco - Orazioni 700 1 $aNouhaud, Michel 700 1 $aDors-Méary, Laurence 907 $a.b11042308$b23-02-17$c28-06-02 912 $a991002660399707536 945 $aLE007 I Coll. 3 Dinarchus 01$g1$i2015000034441$lle007$o-$pE0.00$q-$rn$so $t0$u0$v0$w0$x0$y.i11165455$z28-06-02 996 $aDiscours$9858682 997 $aUNISALENTO 998 $ale007$b01-01-99$cm$da $e-$ffre$gfr $h0$i1 LEADER 01152nas 2200409 c 450 001 9910894970103321 005 20260218112223.0 035 $a(CKB)3790000000122692 035 $a(DE-599)ZDB2707021-9 035 $a(OCoLC)835399403 035 $a(DE-101)1032095318 035 $a(DE-599)2707021-9 035 $a(EXLCZ)993790000000122692 100 $a20130308a20089999 |y | 101 0 $aeng 135 $aur||||||||||| 181 $ctxt$2rdacontent 182 $cc$2rdamedia 183 $acr$2rdacarrier 200 00$aMigration & tourism statistics$fNational Bureau of Statistics, Republic of Seychelles 210 31$aVictoria, Mahe?$d2008- 215 $aOnline-Ressource 300 $aGesehen am 20.03.17 517 3 $aMigration and tourism statistics 608 $aZeitschrift$2gnd-content 608 $aStatistik$2gnd-content 676 $a310 676 $a910 676 $a300 712 02$aSeychellen$bNational Statistics Bureau$4isb 801 0$b0206 801 1$bDE-101 801 2$b9001 906 $aJOURNAL 912 $a9910894970103321 996 $aMigration & tourism statistics$94239049 997 $aUNINA